| 000 | 00949cam a22002655a 4500 | ||
|---|---|---|---|
| 999 |
_c14372 _d14372 |
||
| 003 | EG-ScBUE | ||
| 005 | 20201124142043.0 | ||
| 008 | 100704s1978 au f b 000 0 ara d | ||
| 040 |
_aEG-ScBUE _bara _erda _cEG-ScBUE _dEG-ScBUE |
||
| 082 | 0 | 4 |
_a416 _bأ ن ي _222 |
| 100 | 1 |
_915858 _aأنيس، إبراهيم، _eمؤلف. |
|
| 245 | 1 | 0 |
_aموسيقى الشعر / _cتأليف أنيس إبراهيم. |
| 250 | _aالطبعة الخامسة. | ||
| 264 | 1 |
_a[القاهرة] _bمكتبة الأنجلو المصرية، _c[1978] |
|
| 300 |
_a363 صفحة ؛ _c25 سم |
||
| 336 |
_2rdacontent _aنص _btxt |
||
| 337 |
_2rdamedia _aبدون وسيط _bn |
||
| 338 |
_2rdacarrier _aمجلد _bnc |
||
| 504 | _aيشتمل على إرجاعات ببليوجرافية. | ||
| 590 | _aبسنت | ||
| 650 | 7 |
_aالأصوات اللغوية العربية. _2BUEsh |
|
| 653 |
_bARALIT _cDecember2019 |
||
| 655 |
_vReading book _934232 |
||
| 942 |
_2ddc _cBB |
||